Sports Quiz

Random Sports or Letter Quiz
Score 0/39 Timer 06:00
0 Plays Today
Hint Answer % Correct
ATANTAAtlanta
86.2%
BEJNGBeijing
86.2%
ATHENAthens
83.1%
VANUVERVancouver
83.1%
ANTWERAntwerp
80%
ARAJEVSarajevo
76.9%
BARENABarcelona
76.9%
NAGANNagano
76.9%
TURNTurin
72.3%
ATERDAAmsterdam
70.8%
BERNBerlin
70.8%
EBURNEMelbourne
70.8%
QUAW VAESquaw Valley
70.8%
NNBRUKInnsbruck
69.2%
NDNLondon
66.2%
AT AKE TSalt Lake City
64.6%
T. RTZSt. Moritz
63.1%
AKE ADLake Placid
61.5%
TKTokyo
61.5%
HENKHelsinki
60%
Hint Answer % Correct
ABERTVEAlbertville
60%
GRENBEGrenoble
56.9%
NTREAMontreal
56.9%
ANGEELos Angeles
49.2%
EX TMexico City
47.7%
T. USt. Louis
44.6%
ARSapporo / Paris
44.6%
EUSeoul
44.6%
WMoscow
40%
UNHMunich
38.5%
RTNA D'AEZZCortina d'Ampezzo
36.9%
 Oslo
35.4%
RERome
35.4%
DNESydney
35.4%
HANXChamonix
32.3%
GARH-ARTENKRHENGarmisch-Partenkirchen
32.3%
TKHStockholm
30.8%
AGARCalgary
29.2%
EHAERLillehammer
29.2%

You're not logged in!

Compare scores with friends on all Sporcle quizzes.
OR
Log In

Sporcle TV

Today on Sporcle TV


Watch our educational content, quiz creation guides, and fun videos on Sporcle TV.

Show Comments

Extras

Top Quizzes Today


Score Distribution

Paid Content

Your Account Isn't Verified!

In order to create a playlist on Sporcle, you need to verify the email address you used during registration. Go to your Sporcle Settings to finish the process.

Report this User

Report this user for behavior that violates our Community Guidelines.

Details: